| 000 | 00332nam a22001337a 4500 | ||
|---|---|---|---|
| 020 | _qHB. | ||
| 040 | _cFIZZA ISHAQ | ||
| 082 |
_aNEW YORK ; _bPRI |
||
| 100 |
_aOPPENHEIMER,PRISCILLA. _968995 |
||
| 245 |
_aTOP DOWN NETWORK DESIGN / _cPRISCILLA OPPENHEIMER. |
||
| 260 |
_aNEW YORK ; _c2011. |
||
| 300 | _a447 P. ; | ||
| 942 |
_2ddc _cBK |
||
| 999 |
_c589197 _d589197 |
||